000 00813nam a2200169 a 4500
008 120416s0000 ||||||||||||||||| || u
020 _a0435936786
050 _aQ 181 Uni
245 1 0 _aNew Unesco source book for science teaching
246 _aUNESCO
260 _aOxford
_bHeinemann
_c1975
300 _a270p. : ill.
350 _a0.00
995 _aMAIN LIBRARY OPEN ACCESS
_D0.00
_e728267
_FCBU-MAIN LIBRARY (Kitwe)
_H1
_I9.75
_jQ 181 Uni
_M1
_UAVAILABLE
_y026113
_ZMain Library Open Access Collection
995 _aMAIN LIBRARY OPEN ACCESS
_D0.00
_e728268
_FCBU-MAIN LIBRARY (Kitwe)
_H2
_I9.75
_jQ 181 Uni
_M2
_UAVAILABLE
_y026114
_ZMain Library Open Access Collection
995 _aANNEX COLLECTION (Main Library)
_D0.00
_e728269
_FCBU-MAIN LIBRARY (Kitwe)
_H3
_I9.75
_jQ 181 Uni
_M3
_UAVAILABLE
_y026215
_ZAnnex Low-Usage Collection
999 _c78798
_d78798